| 000 | 00617cam a2200145 4500500 | ||
|---|---|---|---|
| 005 | 20251228053358.0 | ||
| 041 | _afre | ||
| 042 | _adc | ||
| 100 | 1 | 0 |
_aDelaspre, Françoise _eauthor |
| 245 | 0 | 0 | _aLes « Petites Russies » des campagnes françaises, Paris, Études Rurales, ehess, n° 171-172, juillet-décembre 2004, 305 p., 32 €, isbn 2713220076 |
| 260 | _c2005. | ||
| 500 | _a15 | ||
| 786 | 0 | _nHistoire & Sociétés Rurales | 24 | 2 | 2005-10-01 | p. 171ze-276ze | 1254-728X | |
| 856 | 4 | 1 | _uhttps://shs.cairn.info/revue-histoire-et-societes-rurales-2005-2-page-171ze?lang=fr&redirect-ssocas=7080 |
| 999 |
_c1585300 _d1585300 |
||